| 000 | 00692nam a2200229 4500 | ||
|---|---|---|---|
| 003 | MX-MxINE | ||
| 005 | 20260601193901.0 | ||
| 008 | 260508b1964 mx ||||| |||| 00| 0 spa d | ||
| 040 |
_aICI _bspa _cICI _erda |
||
| 041 | _aspa | ||
| 050 | _aNA2500 V535 1964 | ||
| 100 | 1 |
_aVillagrán García, José, _eautor _927911 |
|
| 245 | 1 | _a Teoría de la arquitectura / | |
| 264 | 4 |
_aMéxico: _bINBA, Departamento de Arquitectura, _c1964 |
|
| 300 |
_a148 páginas : _bilustraciones |
||
| 336 |
_2rdacontent _atexto |
||
| 337 |
_2rdamedia _asin medio |
||
| 338 |
_2rdacarrier _avolumen |
||
| 490 | 0 |
_aCuadernos de arquitectura; _v13 |
|
| 650 | a |
_aArquitectura _xFilosofía _933974 |
|
| 942 |
_2lcc _n1 _cB |
||
| 999 |
_c22259 _d22259 |
||